000 00351nam a2200145Ia 4500
008 191201s2004 xx 000 0 und d
082 _a005.133
_bPAE
100 _aPATEL, R.B.
245 0 _aExpert Data Structures with C++
250 _a2nd
260 _aN.Delhi
_bKhanna Publisher
_c2004
300 _a752
650 _aB.Tech(CSE)
942 _2ddc
_cBK
999 _c3523
_d3523